| 000 | 00705nam a22002177a 4500 | ||
|---|---|---|---|
| 001 | 82533 | ||
| 003 | BD-RjUL | ||
| 005 | 20231224151829.0 | ||
| 008 | 231224s1973 bg ||||| |||| 00| 0 ben d | ||
| 035 | _a(BD-RjUL)82533 | ||
| 040 |
_aBD-RjUL _beng _cBD-RjUL |
||
| 041 | _aben | ||
| 082 |
_223 _a891.443 _bPAR 1973 |
||
| 100 |
_aপাশা, আনোয়ার _910680 |
||
| 245 |
_aরাইফেল রোটি আওরাত / _cআনোয়ার পাশা |
||
| 260 |
_aঢাকা : _bবর্ণমিছিল, _c১৯৭৩ |
||
| 300 |
_a২২৯ পৃ.; _c২২ সেমি. |
||
| 650 | _aবাংলা উপন্যাস | ||
| 650 | _aBengali novel | ||
| 942 |
_2ddc _cBK |
||
| 999 |
_c82533 _d82533 |
||